Central Library OPAC University of Rajshahi

The complete writings of Thucydides : (Record no. 25375)

MARC details
000 -LEADER
fixed length control field 01022cam a22002891 4500
001 - CONTROL NUMBER
control field 25375
003 - CONTROL NUMBER IDENTIFIER
rucl marc code BD-RjUL
005 - DATE AND TIME OF LATEST TRANSACTION
control field 20211209050853.0
008 - FIXED-LENGTH DATA ELEMENTS--GENERAL INFORMATION
fixed length control field 140318s1951 nyub 000 0 eng d
035 ## - SYSTEM CONTROL NUMBER
System control number (BD-RjUL)25445
System control number (OCoLC)404396
040 ## - CATALOGING SOURCE
Original cataloging agency DLC
Transcribing agency ODaWU
Modifying agency OCoLC
-- DLC
-- BD-RjUL
Language of cataloging eng
041 1# - LANGUAGE CODE
Language code of text/sound track or separate title enggre
082 00 - DEWEY DECIMAL CLASSIFICATION NUMBER
Classification number 888.2
Author mark and year THC 1951
100 0# - MAIN ENTRY--PERSONAL NAME
Personal name Thucydides.
9 (RLIN) 74738
245 14 - TITLE STATEMENT
Title The complete writings of Thucydides :
Remainder of title The Peloponnesian war /
Statement of responsibility, etc. The unabridged Crawley translation; with an introduction by Joseph Gavorse ...
260 ## - PUBLICATION, DISTRIBUTION, ETC. (IMPRINT)
Place of publication, distribution, etc. New York :
Name of publisher, distributor, etc. The Modern Library,
Date of publication, distribution, etc. c1951
300 ## - PHYSICAL DESCRIPTION
Pagination xxviii, 516 p. :
Illustrations front. (fold. map) ,
Size 17 cm.
490 0# - SERIES STATEMENT
Series statement The modern library of the world's best books
500 ## - GENERAL NOTE
General note "First Modern library edition."
651 #0 - SUBJECT ADDED ENTRY--GEOGRAPHIC NAME
Geographic name Greece
General subdivision History
Chronological subdivision Peloponnesian War, 431-404 B.C.
9 (RLIN) 78017
700 1# - ADDED ENTRY--PERSONAL NAME
Personal name Crawley, Richard,
Dates associated with a name 1840-1893,
Relator term tr.
Personal name Gavorse, Joseph.
942 ## - ADDED ENTRY ELEMENTS (KOHA)
Source of classification or shelving scheme Dewey Decimal Classification
Koha item type Books
Holdings
Lost status Source of classification or shelving scheme Damaged status Not for loan Collection code Permanent Location Current Location Shelving location Date acquired Source of acquisition Total Checkouts Full call number Date last seen Copy number Koha item type
  Dewey Decimal Classification   Added to bundle Non-fiction Central Library, University of Rajshahi Central Library, University of Rajshahi Reading Room 10/06/1959 Asia Fundation Gift   888.2 THC 1951 18/03/2014 C-1 Books